MLB: All Decade Teams-1970s - Statistics

General Stats
  • This quiz has been taken 152 times
  • The average score is 10 of 15
Answer Stats
Position Player % Correct
Catcher Johnny Bench
98%
Second Base Joe Morgan
89%
Outfield Reggie Jackson
88%
Starting Pitcher Tom Seaver
88%
Third Base Mike Schmidt
84%
Outfield Pete Rose
83%
Starting Pitcher Jim Palmer
69%
Relief Pitcher Rollie Fingers
67%
First Base Tony Perez
60%
Starting Pitcher Gaylord Perry
57%
Shortstop Dave Concepcion
56%
Starting Pitcher Phil Niekro
53%
DH Rod Carew
52%
Starting Pitcher Bert Blyleven
36%
Outfield Cesar Cedeno
24%
No matching quizzes found
Score Distribution
Percent of People with Each Score
Percentile by Number Answered
Your Score History
You have not taken this quiz